000 00584pam a2200181 a 4500
001 3350159
005 20250625091227.0
008 860213s1986 enkab b 001 0 eng
020 _a0877849498
050 0 0 _aDS112
_b.T48 1986
082 0 0 _a220.9/5
_219
100 1 _aThompson, J. A.
_q(John Arthur),
_d1913-
245 1 0 _aHandbook of life in Bible times /
_cJ.A. Thompson.
260 _aLeicester, England ;
_aDowners Grove, Ill. :
_bInter-Varsity Press,
_c1986.
300 _a384 p. :
_bcol. ill., col. maps ;
_c27 cm.
650 0 _aJews
_xCivilization
_yTo 70 A.D.
942 _2lcc
_cBK
_n0
999 _c6662
_d6662